Treatment Entry and Alcohol Dependence Among Poly‐Victimized Youth: A Latent Class Discrete Time Survival Analysis [poster]

Saved in:  
Bibliographic Details
Authors: Davis, J.P. (Author) ; Merrin, G.J. (Author) ; Tan, Kit 1953- (Author) ; Wagner, E.C. (Author) ; Dumas, T. (Author)
Format: Print Article
Language:English
Published: Research Society on Alcoholism 2017
In:Enthalten in: 40th Annual Scientific Meeting of the Research Society on Alcoholism
Check availability: HBZ Gateway
Keywords:

MARC

LEADER 00000caa a22000002c 4500
001 1912728311
003 DE-627
005 20250114055032.0
007 tu
008 241217s2017 xx ||||| 00| ||eng c
035 |a (DE-627)1912728311 
035 |a (DE-599)KXP1912728311 
040 |a DE-627  |b ger  |c DE-627  |e rda 
041 |a eng 
084 |a 2,1  |2 ssgn 
100 1 |a Davis, J.P.  |e VerfasserIn  |4 aut 
245 1 0 |a Treatment Entry and Alcohol Dependence Among Poly‐Victimized Youth: A Latent Class Discrete Time Survival Analysis [poster] 
264 1 |b Research Society on Alcoholism  |c 2017 
336 |a Text  |b txt  |2 rdacontent 
337 |a ohne Hilfsmittel zu benutzen  |b n  |2 rdamedia 
338 |a Band  |b nc  |2 rdacarrier 
655 4 |a Konferenzschrift ; 2017 ; Denver, CO 
700 1 |a Merrin, G.J.  |e VerfasserIn  |4 aut 
700 1 |a Tan, Kit  |d 1953-  |e VerfasserIn  |0 (DE-588)1272182010  |0 (DE-627)1820826198  |4 aut 
700 1 |a Wagner, E.C.  |e VerfasserIn  |4 aut 
700 1 |a Dumas, T.  |e VerfasserIn  |4 aut 
773 0 8 |i Enthalten in  |t 40th Annual Scientific Meeting of the Research Society on Alcoholism 
935 |a mkri 
951 |a AR 
ELC |b 1 
LOK |0 000 xxxxxcx a22 zn 4500 
LOK |0 001 463769387X 
LOK |0 003 DE-627 
LOK |0 004 1912728311 
LOK |0 005 20241217045056 
LOK |0 008 241217||||||||||||||||ger||||||| 
LOK |0 035   |a (DE-2619)ICPSR142158 
LOK |0 040   |a DE-2619  |c DE-627  |d DE-2619 
LOK |0 092   |o n 
LOK |0 852   |a DE-2619 
LOK |0 852 1  |9 00 
LOK |0 935   |a uvkn  |a nacp 
LOK |0 939   |a 17-12-24  |b l01 
ORI |a SA-MARC-krimdoka001.raw